Wszystkie miasta w Polsce na literę U - Statystyki

Ogólne statystyki
  • Ten quiz został rozwiązany 54 razy
  • Średni wynik to 6 z 9
Statystyki odpowiedzi
Województwo Miasto % Poprawnych
pomorskie Ustka
94%
śląskie Ustroń
74%
podkarpackie Ustrzyki Dolne
74%
łódzkie Uniejów
72%
łódzkie Ujazd
52%
opolskie Ujazd
52%
wielkopolskie Ujście
52%
podkarpackie Ulanów
46%
lubelskie Urzędów
34%
Nie znaleziono quizów pasujących do podanych kryteriów
Rozkład punktacji
Procent ludzi z każdym wynikiem
Percentyl według liczby udzielonych odpowiedzi
Twoja historia wyników
Nie rozwiązałeś tego quizu